<?xml version="1.0" encoding="UTF-8"?><?xml-stylesheet type="text/xsl" href="static/style.xsl"?><OAI-PMH xmlns="http://www.openarchives.org/OAI/2.0/" xmlns:xsi="http://www.w3.org/2001/XMLSchema-instance" xsi:schemaLocation="http://www.openarchives.org/OAI/2.0/ http://www.openarchives.org/OAI/2.0/OAI-PMH.xsd"><responseDate>2026-06-06T19:32:12Z</responseDate><request verb="GetRecord" identifier="oai:riuma.uma.es:10630/46482" metadataPrefix="marc">https://riuma.uma.es/rest/oai/request</request><GetRecord><record><header><identifier>oai:riuma.uma.es:10630/46482</identifier><datestamp>2026-04-28T23:45:37Z</datestamp><setSpec>com_10630_2254</setSpec><setSpec>col_10630_37953</setSpec></header><metadata><record xmlns="http://www.loc.gov/MARC21/slim" xmlns:dcterms="http://purl.org/dc/terms/" xmlns:doc="http://www.lyncode.com/xoai" xmlns:xsi="http://www.w3.org/2001/XMLSchema-instance" xsi:schemaLocation="http://www.loc.gov/MARC21/slim http://www.loc.gov/standards/marcxml/schema/MARC21slim.xsd">
   <leader>00925njm 22002777a 4500</leader>
   <datafield ind2=" " ind1=" " tag="042">
      <subfield code="a">dc</subfield>
   </datafield>
   <datafield ind2=" " ind1=" " tag="720">
      <subfield code="a">Kochetov, Mikhail</subfield>
      <subfield code="e">author</subfield>
   </datafield>
   <datafield ind2=" " ind1=" " tag="720">
      <subfield code="a">Elduque, Alberto</subfield>
      <subfield code="e">author</subfield>
   </datafield>
   <datafield ind2=" " ind1=" " tag="720">
      <subfield code="a">Draper-Fontanals, Cristina</subfield>
      <subfield code="e">author</subfield>
   </datafield>
   <datafield ind2=" " ind1=" " tag="260">
      <subfield code="c">2026-02-26</subfield>
   </datafield>
   <datafield ind2=" " ind1=" " tag="520">
      <subfield code="a">A group grading on a semisimple Lie algebra over an algebraically closed field of characteristic zero is special if its identity component is zero; it is pure if at least one of its components, other than the identity component, contains a Cartan subalgebra. We classify special pure gradings on Lie algebras of types E6, E7, E8 up to equivalence and up to isomorphism. To this end, we use quadratic forms over the field of two elements to show that there are exactly three equivalence classes for E6, four for E7, and five for E8. The computation of the corresponding Weyl groups and their actions on the universal groups yields a set of invariants that allow us to distinguish the isomorphism classes.</subfield>
   </datafield>
   <datafield ind1="8" ind2=" " tag="024">
      <subfield code="a">Cristina Draper, Alberto Elduque, Mikhail Kochetov, Special pure gradings on simple Lie algebras of types E6, E7, E8, Linear Algebra and its Applications, Volume 737, 2026, Pages 263-297, ISSN 0024-3795, https://doi.org/10.1016/j.laa.2026.02.019. (https://www.sciencedirect.com/science/article/pii/S0024379526000704)</subfield>
   </datafield>
   <datafield ind1="8" ind2=" " tag="024">
      <subfield code="a">https://hdl.handle.net/10630/46482</subfield>
   </datafield>
   <datafield ind1="8" ind2=" " tag="024">
      <subfield code="a">10.1016/j.laa.2026.02.019</subfield>
   </datafield>
   <datafield tag="653" ind2=" " ind1=" ">
      <subfield code="a">Álgebra abstracta</subfield>
   </datafield>
   <datafield tag="653" ind2=" " ind1=" ">
      <subfield code="a">Lie, Álgebras de</subfield>
   </datafield>
   <datafield tag="653" ind2=" " ind1=" ">
      <subfield code="a">Análisis matemático</subfield>
   </datafield>
   <datafield ind2="0" ind1="0" tag="245">
      <subfield code="a">Special pure gradings on simple Lie algebras of types $E_6$, $E_7$, $E_8$.</subfield>
   </datafield>
</record>
</metadata></record></GetRecord></OAI-PMH>